000 00376 a2200169 4500
001 188803
020 _a85-08-06799-2
040 _cMagnum
100 _aJouve, Franck
240 1 0 _aCéus e estrelas: mitos e lendas
_lpor
245 1 0 _aCéus e estrelas: mitos e lendas
300 _a48
362 0 _a1998
440 1 _aÁtica
697 _aHISTÓRIA GERAL
942 _cBK
999 _c188803
_d188803